000 00694nam a2200253Ia 4500
003 OSt
005 20221006143746.0
006 a|||||r|||| 00| 0
007 ta
008 221006b |||||||| |||| 00| 0 eng d
020 _c
_13.50
024 _a9,886
037 _cTextual
040 _aEASL
_cEASL
_beng
041 _2eng
_aeng
082 _aX8(J) .41.N68<H68, K9
100 _aPERKINS Dwiht H
_9650341
245 0 _aAgricultural development in China 1368 -1968
260 _aChicago
_bAldine publishing Company
_c1969
300 _a395p.
_ccm.
490 _v CEL
942 _hX8(J) .41.N68<H68, K9
_cTEXL
_2CC
999 _c1077972
_d1077972